000 01194 a2200241 4500
001 58357
005 20260407155840.0
008 260407a2022 arg spa d
003 AR-UNSa-BCEJYS
040 _aAR-UNSa-BCEJYS
_bspa
_cAR-UNSa-BCEJYS
080 _a339.5
_xComercio exterior. Comercio Internacional
245 1 0 _aPerspectivas del comercio internacional de América Latina y el Caribe
_pEl desafío de dinamizar las exportaciones manufactureras
020 _a978-92-1-005593-2
264 1 _aSantiago de Chile :
_bCEPAL (Comisión Económica para América Latina y el Caribe)
_c2022
300 _a174 p.
_c27 cm.
505 _a1. Múltiples crisis debilitan al comercio mundial y regional - 2. Panorama del desempeño exportador de manufacturas de América Latina y el Caribe, 1990-2021 - 3. Las disrupciones en las cadenas marítimas de suministro: impactos y perspectivas
041 _aspa
942 _cBK
590 _aniveau_biblio:m niveau_hierar:0
100 1 _aNaciones Unidas. Comisión Económica para América Latina y el Caribe (CEPAL)
700 1 _aInoue, Keiji
856 4 1 _uhttps://biblioeco.unsa.edu.ar/pmb/images/libros/L128916.jpg
_yImagen de portada
_qimage/jpeg
999 _c6414
_d6414